000 00558nam a2200145Ia 4500
008 100204s9999 xx 000 0 und d
082 _b9694
100 _aअभ्यंकर कुसुम / अभ्यंकर आर.
245 _aचौदाव्या मजल्यावरुन
260 _b"शशीदीप प्रकाशन , पुणे"
_c1985
300 _a107
630 _aचौदाव्या मजल्यावरुन
730 _aचौदाव्या मजल्यावरुन
942 _cBOOK
999 _c454130
_d454127